EMCO - krytie, ktoré potrebujete

Významné svetové reklamné organizácie. Poslanie agentúry European marketing communication organization (EMCO), ktorá je európskou sieťou fullservisových agentúr. Koordinácia kampaní a fungovanie reklamných agentúr združených v EMCO.

Gespeichert in:
Bibliographische Detailangaben
1. Verfasser: Batíková, Nataša
Format: Buchkapitel
Sprache:Slowakisch
Schlagworte:
Tags: Tag hinzufügen
Keine Tags, Fügen Sie das erste Tag hinzu!

MARC

LEADER 00000naa a2200000 4500
001 r035029
005 20230929095942.6
041 0 |a slo 
044 |a SK 
245 1 0 |a EMCO - krytie, ktoré potrebujete  |c Nataša Batíková 
520 |a Významné svetové reklamné organizácie. Poslanie agentúry European marketing communication organization (EMCO), ktorá je európskou sieťou fullservisových agentúr. Koordinácia kampaní a fungovanie reklamných agentúr združených v EMCO. 
610 2 0 |a agentúry 
610 2 0 |a globalizácia 
610 2 0 |a koordinácia 
610 2 0 |a kampane reklamné 
610 2 0 |a EMCO 
610 2 0 |a Európa 
100 1 |a Batíková, Nataša